QUEST Central Library Banner

Schaum's Outline of Basic Electrical Engineering (Record no. 14986)

MARC details
000 -LEADER
fixed length control field 00569nam a22002057a 4500
003 - CONTROL NUMBER IDENTIFIER
control field PK-NaQUE
005 - DATE AND TIME OF LATEST TRANSACTION
control field 20250807121006.0
008 - FIXED-LENGTH DATA ELEMENTS--GENERAL INFORMATION
fixed length control field 250130b ||||| |||| 00| 0 eng d
020 ## - INTERNATIONAL STANDARD BOOK NUMBER
International Standard Book Number 0070113556
020 ## - INTERNATIONAL STANDARD BOOK NUMBER
International Standard Book Number 9780070113558
040 ## - CATALOGING SOURCE
Transcribing agency QUEST
082 ## - DEWEY DECIMAL CLASSIFICATION NUMBER
Classification number 621.3CAT
100 ## - MAIN ENTRY--PERSONAL NAME
Personal name Cathey Jimmie J
245 ## - TITLE STATEMENT
Title Schaum's Outline of Basic Electrical Engineering
260 ## - PUBLICATION, DISTRIBUTION, ETC. (IMPRINT)
Place of publication, distribution, etc London:
Name of publisher, distributor, etc McGraw Hill,
Date of publication, distribution, etc 1996.
300 ## - PHYSICAL DESCRIPTION
Extent 298p. ;
650 ## - SUBJECT ADDED ENTRY--TOPICAL TERM
Topical term or geographic name as entry element Electrical Engineering
856 ## - ELECTRONIC LOCATION AND ACCESS
Uniform Resource Identifier <a href="http://10.10.170.122:8080/browse/book/26379">http://10.10.170.122:8080/browse/book/26379</a>
Link text Download eBook
942 ## - ADDED ENTRY ELEMENTS (KOHA)
Koha item type Books
Source of classification or shelving scheme Dewey Decimal Classification
Holdings
Withdrawn status Lost status Damaged status Not for loan Home library Current library Date acquired Cost, normal purchase price Total Checkouts Full call number Barcode Date last seen Price effective from Koha item type Source of classification or shelving scheme Date checked out Public note Shelving location
        Central Library, QUEST, Nawabshah Central Library, QUEST, Nawabshah 09/12/2015 108.90   621.3CAT 13909 09/12/2015 09/12/2015 Books        
        Central Library, QUEST, Nawabshah Central Library, QUEST, Nawabshah 09/12/2015 108.90   621.3CAT 13921 09/12/2015 09/12/2015 Books        
        Central Library, QUEST, Nawabshah Central Library, QUEST, Nawabshah 09/12/2015 108.90   621.3CAT 13946 09/12/2015 09/12/2015 Books        
        Central Library, QUEST, Nawabshah Central Library, QUEST, Nawabshah 09/12/2015 108.90   621.3CAT 13947 09/12/2015 09/12/2015 Books        
        Central Library, QUEST, Nawabshah Central Library, QUEST, Nawabshah 09/12/2015 108.90 1 621.3CAT 13948 14/11/2024   Books Dewey Decimal Classification 02/03/2023 D/P Challan # 102 , Rs. 400 Date:14-11-2024  
        Central Library, QUEST, Nawabshah Central Library, QUEST, Nawabshah 12/05/2016 121.00   621.3CAT 14019 12/05/2016 12/05/2016 Books        
        Central Library, QUEST, Nawabshah Central Library, QUEST, Nawabshah 19/09/2014 131.45   621.3CAT 15586 29/01/2025 29/01/2025 Books        
        Central Library, QUEST, Nawabshah Central Library, QUEST, Nawabshah 19/09/2014 131.45   621.3CAT 15587 29/01/2025 29/01/2025 Books        
        Reference Section Reference Section 19/09/2014 1616.35   621.3CAT (Shelf - 43B) 34775 29/01/2025 29/01/2025 Books       Reference

Copyright © 2018,The QUEST, Nawabshah, Shaheed Benazirabad. All rights reserved
Mr. G. Farooq Channar (Librarian) QUEST, Nawabshah, Sindh, Pakistan 67480.
 Ph#: |   0244-9370381-4 Ext. 2308   Email| lib@quest.edu.pk   Web|  http://www.quest.edu.pk